<?xml version="1.0" encoding="UTF-8"?>
<record
    xmlns:xsi="http://www.w3.org/2001/XMLSchema-instance"
    xsi:schemaLocation="http://www.loc.gov/MARC21/slim http://www.loc.gov/standards/marcxml/schema/MARC21slim.xsd"
    xmlns="http://www.loc.gov/MARC21/slim">

  <leader>02184cam a2200373 a 4500</leader>
  <controlfield tag="001">3144537</controlfield>
  <controlfield tag="005">20220326193318.0</controlfield>
  <controlfield tag="008">011116s2001    gw a     bc   000 0 gerod</controlfield>
  <datafield tag="016" ind1="7" ind2=" ">
    <subfield code="a">96232230X</subfield>
    <subfield code="2">GyFmDB</subfield>
  </datafield>
  <datafield tag="020" ind1=" " ind2=" ">
    <subfield code="a">3933096634</subfield>
  </datafield>
  <datafield tag="035" ind1=" " ind2=" ">
    <subfield code="a">(OCoLC)48458020</subfield>
  </datafield>
  <datafield tag="035" ind1=" " ind2=" ">
    <subfield code="a">(NNC)3144537</subfield>
  </datafield>
  <datafield tag="040" ind1=" " ind2=" ">
    <subfield code="a">*OHX*</subfield>
    <subfield code="c">*OHX*</subfield>
    <subfield code="d">WU</subfield>
    <subfield code="d">NN</subfield>
    <subfield code="d">WaOLN</subfield>
    <subfield code="d">CStRLIN</subfield>
    <subfield code="d">NNC</subfield>
  </datafield>
  <datafield tag="041" ind1="0" ind2=" ">
    <subfield code="a">gereng</subfield>
  </datafield>
  <datafield tag="082" ind1=" " ind2=" ">
    <subfield code="a">708</subfield>
    <subfield code="b">A792u</subfield>
  </datafield>
  <datafield tag="100" ind1="1" ind2=" ">
    <subfield code="a">Artschwager, Richard,</subfield>
    <subfield code="d">1923-2013.</subfield>
    <subfield code="9">2448</subfield>
  </datafield>
  <datafield tag="245" ind1="1" ind2="0">
    <subfield code="a">Richard Artschwager :</subfield>
    <subfield code="b">up and across /</subfield>
    <subfield code="c">Neues Museum in N&#xFC;rnberg, Serpentine Gallery, London, MAK, Wien.</subfield>
  </datafield>
  <datafield tag="246" ind1="3" ind2="0">
    <subfield code="a">Up and across</subfield>
  </datafield>
  <datafield tag="260" ind1=" " ind2=" ">
    <subfield code="a">N&#xFC;rnberg :</subfield>
    <subfield code="b">Verlag f&#xFC;r moderne Kunst,</subfield>
    <subfield code="c">c2001.</subfield>
  </datafield>
  <datafield tag="300" ind1=" " ind2=" ">
    <subfield code="a">176 p. :</subfield>
    <subfield code="b">ill. (some col.) ;</subfield>
    <subfield code="c">27 cm.</subfield>
  </datafield>
  <datafield tag="500" ind1=" " ind2=" ">
    <subfield code="a">Catalog of exhibitions at the Neues Museum in N&#xFC;rnberg, Sept. 7-Nov. 18, 2001, at the Serpentine Gallery, London, Dec. 12, 2001-Feb. 10, 2002, and at MAK, Vienna, Mar. 27-June 16, 2002.</subfield>
  </datafield>
  <datafield tag="500" ind1=" " ind2=" ">
    <subfield code="a">Conception for the exhibition: Melitta Kliege and Richard Artschwager in collaboration with Lisa Corrin; Catalog: Melitta Kliege.</subfield>
  </datafield>
  <datafield tag="504" ind1=" " ind2=" ">
    <subfield code="a">Includes bibliographical references (p. 173-174).</subfield>
  </datafield>
  <datafield tag="505" ind1=" " ind2=" ">
    <subfield code="t">Preface </subfield>
    <subfield code="t">Challege to looking. The Paintings and Sculturen von Richard  Artschwager </subfield>
    <subfield code="r">Melitta Kliege</subfield>
    <subfield code="t">Artschwager&#xB4;s Way: An introduction to the Notebooks of Richard Artschwager </subfield>
    <subfield code="r">Lisa G. Corrin</subfield>
    <subfield code="t">A Revised  short History of the Blp</subfield>
    <subfield code="r">Ingrid Schaffner </subfield>
    <subfield code="t">Art&#xB4;s Wager: Richard Artschwager and the New York Art World in the sixties </subfield>
    <subfield code="r">Judith E. Stein </subfield>
    <subfield code="t">Richard Artschawager and Europe</subfield>
    <subfield code="r">Dirk Luckow </subfield>
    <subfield code="t">Richard Artschwager interviewed by jan mac Devitt in 1965</subfield>
    <subfield code="t">autochronology </subfield>
    <subfield code="t">Works in Exhibition </subfield>
    <subfield code="t">Documentation on Selected Exhibitions  </subfield>
    <subfield code="t">Biography </subfield>
    <subfield code="t">authors </subfield>
    <subfield code="t">Selected Bibliography </subfield>
    <subfield code="t">authors </subfield>
    <subfield code="t">Photo Credits </subfield>
    <subfield code="t">Colophon</subfield>
  </datafield>
  <datafield tag="546" ind1=" " ind2=" ">
    <subfield code="a">Text in German and English.</subfield>
  </datafield>
  <datafield tag="600" ind1="1" ind2="0">
    <subfield code="a">Artschwager, Richard,</subfield>
    <subfield code="d">1923-2013</subfield>
    <subfield code="v">Exhibitions.</subfield>
    <subfield code="9">2449</subfield>
  </datafield>
  <datafield tag="650" ind1=" " ind2=" ">
    <subfield code="a">Modern Art </subfield>
    <subfield code="y">Siglo XX</subfield>
    <subfield code="9">2450</subfield>
  </datafield>
  <datafield tag="700" ind1="1" ind2=" ">
    <subfield code="a">Kliege, Melitta,</subfield>
    <subfield code="d">1962-</subfield>
    <subfield code="9">2451</subfield>
  </datafield>
  <datafield tag="700" ind1="1" ind2=" ">
    <subfield code="a">Corrin, Lisa G.</subfield>
    <subfield code="9">2452</subfield>
  </datafield>
  <datafield tag="710" ind1="2" ind2=" ">
    <subfield code="a">Neues Museum (Nuremberg, Germany)</subfield>
    <subfield code="9">2447</subfield>
  </datafield>
  <datafield tag="710" ind1="2" ind2=" ">
    <subfield code="a">Serpentine Gallery.</subfield>
    <subfield code="9">2453</subfield>
  </datafield>
  <datafield tag="710" ind1="2" ind2=" ">
    <subfield code="a">&#xD6;sterreichisches Museum f&#xFC;r Angewandte Kunst.</subfield>
    <subfield code="9">2198</subfield>
  </datafield>
  <datafield tag="999" ind1=" " ind2=" ">
    <subfield code="c">531</subfield>
    <subfield code="d">531</subfield>
  </datafield>
  <datafield tag="952" ind1=" " ind2=" ">
    <subfield code="0">0</subfield>
    <subfield code="1">0</subfield>
    <subfield code="2">ddc</subfield>
    <subfield code="4">0</subfield>
    <subfield code="7">0</subfield>
    <subfield code="a">LV</subfield>
    <subfield code="b">LV</subfield>
    <subfield code="c">Monograf&#xED;as</subfield>
    <subfield code="d">2015-04-22</subfield>
    <subfield code="l">0</subfield>
    <subfield code="o">708 A792u</subfield>
    <subfield code="p">000585</subfield>
    <subfield code="r">2015-04-22 00:00:00</subfield>
    <subfield code="w">2015-04-22</subfield>
    <subfield code="y">01</subfield>
  </datafield>
</record>
